000 00688nam a2200289Ia 4500
005 20260324130919.0
008 008 260324s9999 xx 000 0 eng d
020 _a9781315091129
037 _aEBOOK
040 _aCRL
040 _beng
040 _cCRL
041 _2eng
041 _aeng
084 _qCRL
100 _aTimothy D. Hoyt
_91183520
245 0 _aMilitary Industry and Regional Defense Policy
245 0 _bIndia, Iraq and Israel
260 _bTaylor and Francis
260 _c2007
365 _a
365 _b160
856 _uhttp://www.taylorfrancis.com/books/9781315091129
942 _cEBOOK
999 _c1780218
_d1780218